000 00629cam a22002293a 4500
001 12003
003 PGUSA
005 20140828083243.0
008 040401s2004||||xxu|||||s|||||000 1 eng d
040 _aPGUSA
_beng
042 _adc
050 4 _aPT
100 1 _aCouperus, Louis,
_d1863-1923
245 1 0 _aExtaze :
_bEen Boek van Geluk
_h[electronic resource] /
_cLouis Couperus
260 _bProject Gutenberg,
_c2004
506 _aPublic domain in the USA.
516 _aElectronic text
653 _aDutch fiction
830 0 _aProject Gutenberg
_v12003
856 4 0 _uhttp://www.gutenberg.org/ebooks/12003
942 _cEB
999 _c241258
_d241258